| 000 | 00371nam a22001457a 4500 | ||
|---|---|---|---|
| 020 | _a9780071210492 | ||
| 040 | _cNust | ||
| 082 |
_a808.51 _bLUC |
||
| 100 |
_aStephen E. Lucas _9127590 |
||
| 245 | _aThe Art of Public Speaking | ||
| 250 | _a7th Edition | ||
| 260 |
_aBoston: _bMcGraw Hill, _c2001. |
||
| 650 |
_aThe Art of Public Speaking _9127591 |
||
| 942 |
_2ddc _cBK |
||
| 999 |
_c612671 _d612671 |
||